Paris - Nom des lieux pendant la Révolution - Statistiques

Statistiques générales
  • Ce quiz a été pris 9 fois
  • Le résultat moyen est 8 sur 25
Statistiques - réponses
Question Réponse % Correct
Le Collège royal de France est le collège de France
75%
L'Hôtel royal des Invalides devient Hôtel national des Militaires invalides
75%
La Bibliothèque du roi est la bibliothèque Nationale
63%
La rue des Francs-Bourgeois devient la rue des Francs-Citoyens
50%
Le Jardin du roi est renommé Jardin des Plantes
50%
L'Hôpital des Enfants trouvés est la maison des Enfants de la Patrie
50%
L'église nouvelle Sainte-Geneviève le Panthéon français
50%
Le pont royal change de nom et devient le pont National
50%
L'Hôtel-Dieu est alors Grand hospice d'Humanité
38%
Le Collège Louis le Grand est appelé Collège de l'Egalité
25%
Le Théâtre-Français devient le théâtre de la Nation
25%
Le pont Notre-Dame devient le pont de la Raison
25%
Le pont Louis XVI prend le nom de pont... de la Révolution
25%
Le jardin du Palais-Royal est le jardin Egalité
25%
L'Hôpital de Notre-Dame de Pitié est la maison des Elèves de la Patrie
25%
L'opéra est renommé... Odéon
25%
La Comédie française est appelée Théâtre de la République
25%
La place du Carrousel est la place de la Réunion
13%
Le nom de Place Vendôme disparait au profit de place... des Piques
13%
Le quai des Orfèvres est renommé le quai du Midi
13%
L'hôpital de la Charité est devenu l'hospice de l'Unité
13%
Le Jardin des Tuileries est le Jardin National
13%
La porte St Denis prend le nom de porte de Franciade
0%
L'hôpital St Louis devient l'hôpital du Nord
0%
Le Palais Bourbon a été appelé Maison de la Révolution
0%
Aucun quiz correspondant
Distribution des résultats
% des personnes avec chaque résultat
Percentile par nombre de réponses
Votre historique - résultats
Vous n’avez pas pris ce quiz